[Event "Torneo Nuevo Centro. Jornada 7"]
[Site "Chess.com"]
[Date "2020.07.31"]
[Round "3"]
[White "Ríos Valle, Daniel"]
[Black "Grigorev, Artur"]
[Result "1-0"]
[WhiteElo "1203"]
[BlackElo "926"]
[PlyCount "43"]
[EventDate "2020.??.??"]

1. e4 e5 2. Nf3 Nc6 3. Bb5 Nf6 4. O-O Bc5 5. Bxc6 dxc6 6. Nxe5 Qd6 7. Nf3 g5 8.
d4 Bb6 9. e5 Qe6 10. exf6 Qxf6 11. Bxg5 Qg6 12. Re1+ Kf8 13. Qd3 Bf5 14. Qe3 f6
15. Bf4 Bh3 16. g3 Qxc2 17. Qe7+ Kg8 18. Qxf6 Qxb2 19. Nbd2 c5 20. Bh6 Qxd4 21.
Nxd4 cxd4 22. Qg7# 1-0

[Event "Torneo Nuevo Centro. Jornada 7"]
[Site "Chess.com"]
[Date "2020.07.31"]
[Round "3"]
[White "Conejero Martínez, Víctor"]
[Black "Romera Navia, Alberto"]
[Result "0-1"]
[WhiteElo "1398"]
[BlackElo "1868"]
[PlyCount "94"]
[EventDate "2020.??.??"]

1. d4 d6 2. c4 Bf5 3. Nc3 Nf6 4. e3 Nbd7 5. Bd3 Bg6 6. Nf3 e6 7. O-O Be7 8. a3
a5 9. Rb1 c5 10. b4 cxd4 11. exd4 axb4 12. axb4 O-O 13. Bxg6 hxg6 14. Bg5 Ra3
15. Rb3 Qa8 16. Nb5 Rxb3 17. Qxb3 Re8 18. Nc7 Qc8 19. Nxe8 Qxe8 20. Re1 Nf8 21.
Qd3 d5 22. c5 Qa4 23. Bd2 Ne4 24. Ne5 Bf6 25. Ng4 Nd7 26. Nxf6+ gxf6 27. Bc3
Qa3 28. Ra1 Qxc3 29. Ra8+ Kg7 30. Qxc3 Nxc3 31. b5 Nxb5 32. Ra4 e5 33. dxe5
fxe5 34. Ra5 Nc3 35. Ra1 Nxc5 36. Re1 f6 37. Re3 d4 38. Re1 Nd3 39. Ra1 b5 40.
Ra7+ Kf8 41. Ra6 Ke7 42. Kf1 b4 43. Rb6 Nc1 44. Rb7+ Ke6 45. Rxb4 d3 46. Rc4 d2
47. Rxc3 d1=Q# 0-1

[Event "Torneo Nuevo Centro. Jornada 7"]
[Site "Chess.com"]
[Date "2020.07.31"]
[Round "3"]
[White "Jordan Martinez, Miguel"]
[Black "Gimeno Higueras, Roberto"]
[Result "1-0"]
[WhiteElo "1983"]
[BlackElo "2059"]
[PlyCount "59"]
[EventDate "2020.??.??"]

1. e4 c6 2. d4 d5 3. Nd2 dxe4 4. Nxe4 Bf5 5. Ng3 Bg6 6. Nh3 e5 7. dxe5 Qxd1+ 8.
Kxd1 Nd7 9. f4 Nh6 10. Bd3 Bxd3 11. cxd3 O-O-O 12. Ke2 Nc5 13. Rd1 Ng4 14. Ng5
Rd7 15. Be3 Nxh2 16. N5e4 Ne6 17. d4 Ng4 18. f5 Nc7 19. Nc3 Bb4 20. Nge4 Nd5
21. Nxd5 cxd5 22. Rac1+ Kb8 23. Ng5 f6 24. e6 Re7 25. Bf4+ Ka8 26. Nf7 Rhe8 27.
Nd6 Rd8 28. Nb5 Ba5 29. Bd6 Ree8 30. Bc7 1-0

[Event "Torneo Nuevo Centro. Jornada 7"]
[Site "Chess.com"]
[Date "2020.07.31"]
[Round "3"]
[White "Garcia Trobat, Francisco"]
[Black "Pardo Ruiz, Carlos"]
[Result "0-1"]
[WhiteElo "2099"]
[BlackElo "1740"]
[PlyCount "64"]
[EventDate "2020.??.??"]

1. d4 c5 2. c3 d5 3. Nf3 Nf6 4. Bf4 cxd4 5. cxd4 Bf5 6. Nc3 e6 7. e3 Bd6 8.
Bb5+ Nc6 9. Ne5 Bxe5 10. Bxe5 O-O 11. Bf4 Rc8 12. O-O a6 13. Bd3 Bxd3 14. Qxd3
Na5 15. Bg5 h6 16. Bh4 Nc4 17. Qe2 g5 18. Bg3 Qb6 19. Rab1 Rfe8 20. h4 g4 21.
Be5 Nxe5 22. dxe5 Nh7 23. Qxg4+ Kh8 24. Qf4 Qc7 25. Ne2 Rg8 26. Rbc1 Qb8 27.
Qxf7 Rg7 28. Qxe6 Rcg8 29. Nf4 Qe8 30. Qxe8 Rxe8 31. h5 Rxe5 32. Ng6+ Rxg6 0-1

[Event "Torneo Nuevo Centro. Jornada 7"]
[Site "Chess.com"]
[Date "2020.07.31"]
[Round "3"]
[White "Ursariu, Nikolas Victor"]
[Black "Valverde Alcaide, Miguel Alejandro"]
[Result "1-0"]
[WhiteElo "1036"]
[BlackElo "868"]
[PlyCount "65"]
[EventDate "2020.??.??"]

1. e4 e5 2. Nf3 Qe7 3. Nc3 c6 4. Bc4 h6 5. d3 Nf6 6. Be3 Qd8 7. O-O d5 8. exd5
cxd5 9. Bb3 d4 10. Nxe5 Qe7 11. Nxf7 Rh7 12. Bxd4 Nc6 13. Re1 Qxe1+ 14. Qxe1+
Kd7 15. Bxf6 Be7 16. Bxe7 Nxe7 17. Qe6+ Ke8 18. Qf6 gxf6 19. Nd6+ Kd7 20. Nde4
Nc6 21. Re1 Kc7 22. Nxf6 Rf7 23. Bxf7 Bf5 24. Re3 Nd4 25. Re7+ Kb6 26. Ncd5+
Ka6 27. Nb4+ Kb6 28. Re5 Bg6 29. Rd5 Nc6 30. Nxc6 bxc6 31. Rd4 Bxf7 32. a3 Rf8
33. Nd7+ 1-0

[Event "Torneo Nuevo Centro. Jornada 7"]
[Site "Chess.com"]
[Date "2020.07.31"]
[Round "3"]
[White "Vaquer Querol, Daniel"]
[Black "Yuste Valenzuela, Alejandro"]
[Result "1-0"]
[WhiteElo "1579"]
[BlackElo "1893"]
[PlyCount "79"]
[EventDate "2020.??.??"]

1. e4 c5 2. c3 d5 3. exd5 Qxd5 4. d4 Nc6 5. Nf3 Bf5 6. Be3 Nf6 7. Be2 cxd4 8.
cxd4 e6 9. Nc3 Qd8 10. O-O Be7 11. a3 O-O 12. Rc1 Rc8 13. Ne5 Nd7 14. Bf4 Bf6
15. Nxc6 bxc6 16. b4 Nb6 17. Be3 Qd7 18. Qd2 Rfd8 19. Rfd1 Bg6 20. Bf3 Nc4 21.
Qe2 Nxe3 22. fxe3 h6 23. Na4 Be7 24. Nc5 Bxc5 25. Rxc5 f6 26. Rdc1 Qe7 27. Rxc6
Rxc6 28. Rxc6 e5 29. Qc4+ Bf7 30. Qc3 exd4 31. exd4 a5 32. b5 Qa7 33. Kf1 Rxd4
34. a4 Rxa4 35. b6 Qa6+ 36. Kg1 Rb4 37. b7 Qxb7 38. Rxf6 gxf6 39. Bxb7 Rxb7 40.
Qc8+ 1-0

[Event "Torneo Nuevo Centro. Jornada 7"]
[Site "Chess.com"]
[Date "2020.07.31"]
[Round "3"]
[White "Galcin Plitnikas, Artiom"]
[Black "Galiana Fernández, Héctor"]
[Result "0-1"]
[WhiteElo "838"]
[BlackElo "1097"]
[PlyCount "82"]
[EventDate "2020.??.??"]

1. d4 Nf6 2. Nf3 g6 3. Bf4 Bg7 4. e3 O-O 5. Be2 d5 6. O-O c5 7. c3 cxd4 8. cxd4
Nc6 9. Nc3 Bg4 10. Qb3 Qd7 11. Qa3 Bxf3 12. Bxf3 e6 13. Na4 Rfe8 14. Nc5 Qe7
15. Nd3 Qxa3 16. bxa3 Rac8 17. Rac1 Na5 18. Rxc8 Rxc8 19. Rb1 b6 20. Bd6 Nc4
21. Rc1 Nxd6 22. Rxc8+ Nxc8 23. a4 Nd6 24. Bd1 a5 25. Bb3 Nfe4 26. Bd1 Kf8 27.
Be2 Nc3 28. Bf3 Nxa2 29. Be2 Nc3 30. Bf3 Nxa4 31. Be2 Nc3 32. Bg4 a4 33. Nb4 a3
34. Bf3 a2 35. Nxa2 Nxa2 36. Be2 Nc3 37. Bd3 b5 38. Bc2 b4 39. e4 Ne2+ 40. Kh1
Nxd4 41. exd5 Nxc2 0-1

[Event "Torneo Nuevo Centro. Jornada 7"]
[Site "Chess.com"]
[Date "2020.07.31"]
[Round "3"]
[White "Vega Gutiérrez, Sabrina"]
[Black "Gómez Alonso, Óscar"]
[Result "1-0"]
[WhiteElo "2154"]
[BlackElo "1857"]
[PlyCount "131"]
[EventDate "2020.??.??"]

1. e4 c5 2. Nf3 e6 3. d4 cxd4 4. Nxd4 Nf6 5. Nc3 Nc6 6. Ndb5 d6 7. Bf4 e5 8.
Bg5 a6 9. Na3 Be6 10. Nc4 b5 11. Ne3 Nd4 12. Ncd5 Bxd5 13. Nxd5 Be7 14. Bxf6
Bxf6 15. c3 Nc6 16. Qf3 O-O 17. h4 Be7 18. g3 Nb8 19. Bh3 Ra7 20. O-O Nd7 21.
Bxd7 Qxd7 22. Kg2 Qe6 23. a4 bxa4 24. Rxa4 f5 25. exf5 Rxf5 26. Qd3 e4 27.
Nxe7+ Rxe7 28. Qc4 Qxc4 29. Rxc4 d5 30. Rc6 a5 31. Rc5 Ref7 32. Rxa5 e3 33.
Ra8+ Rf8 34. Rxf8+ Rxf8 35. fxe3 Re8 36. Kf3 Re4 37. Rd1 Re5 38. b4 g6 39. b5
Kf7 40. b6 Re6 41. Rb1 Re8 42. b7 Rb8 43. Kf4 Ke6 44. Kg5 Ke5 45. Kh6 Ke4 46.
Kxh7 Kxe3 47. Kxg6 Kd3 48. h5 Kxc3 49. h6 d4 50. h7 d3 51. h8=Q+ Rxh8 52. b8=Q
Rxb8 53. Rxb8 d2 54. Rd8 Kc2 55. g4 d1=Q 56. Rxd1 Kxd1 57. g5 Kd2 58. Kf5 Kd3
59. g6 Kd4 60. g7 Kd5 61. g8=Q+ Kd6 62. Qe8 Kc7 63. Ke5 Kb7 64. Kd5 Ka7 65. Kc6
Ka6 66. Qa8# 1-0

[Event "Torneo Nuevo Centro. Jornada 7"]
[Site "Chess.com"]
[Date "2020.07.31"]
[Round "3"]
[White "Chernikov, Vladimir"]
[Black "Carbonell Bofill, Carlos Eloy"]
[Result "1-0"]
[WhiteElo "2218"]
[BlackElo "2007"]
[PlyCount "91"]
[EventDate "2020.??.??"]

1. c4 e5 2. Nc3 Nc6 3. Nf3 f5 4. d4 e4 5. d5 exf3 6. dxc6 fxg2 7. cxd7+ Qxd7 8.
Qxd7+ Bxd7 9. Bxg2 O-O-O 10. Bf4 Nf6 11. O-O Be6 12. b3 Bd6 13. Bxd6 Rxd6 14.
Nb5 Rd2 15. Nxa7+ Kb8 16. Nb5 Rxe2 17. Rfe1 Rxe1+ 18. Rxe1 Bd7 19. Nd4 Re8 20.
Rxe8+ Nxe8 21. Bh3 g6 22. Kf1 c5 23. Nf3 Kc7 24. Ke2 Kd6 25. Kd3 Nf6 26. Nd2
Bc6 27. a3 b6 28. b4 Ke5 29. Nb3 Be4+ 30. Kc3 Nd7 31. Bf1 Kf4 32. Be2 g5 33.
bxc5 bxc5 34. a4 Bc6 35. a5 Bb7 36. Bh5 g4 37. Be8 Nf6 38. Nxc5 Ne4+ 39. Nxe4
fxe4 40. c5 Kf3 41. c6 Ba6 42. Bh5 Kxf2 43. Bxg4 e3 44. c7 Bc8 45. Bh5 Ba6 46.
Kb4 1-0

[Event "Torneo Nuevo Centro. Jornada 7"]
[Site "Chess.com"]
[Date "2020.07.31"]
[Round "3"]
[White "Zamora Soler, Raul"]
[Black "Perez Garcia, Jose Miguel"]
[Result "0-1"]
[WhiteElo "1853"]
[BlackElo "2045"]
[PlyCount "146"]
[EventDate "2020.??.??"]

1. e4 Nf6 2. Nc3 d5 3. e5 Ne4 4. d4 Nxc3 5. bxc3 c5 6. Nf3 Nc6 7. Be2 Bg4 8.
O-O e6 9. h3 Bh5 10. Ne1 Bxe2 11. Qxe2 cxd4 12. cxd4 Nxd4 13. Qd3 Nc6 14. f4 g6
15. Nf3 h5 16. a3 Bc5+ 17. Kh2 Kf8 18. Rd1 Kg7 19. Bb2 Rc8 20. Qb5 Qb6 21. Qxb6
Bxb6 22. Rac1 Be3 23. Rb1 Bxf4+ 24. g3 Be3 25. Rd3 Bb6 26. h4 Rhf8 27. Kh3 Na5
28. Bd4 Nc4 29. Bxb6 Nxb6 30. Nd4 Rc5 31. Nb5 Rxc2 32. Nxa7 Nc4 33. Rxb7 Re2
34. Nc6 Nxe5 35. Nxe5 Rxe5 36. a4 Ra8 37. Ra3 Re4 38. a5 Rc4 39. a6 Rc6 40. a7
Rcc8 41. Re3 Re8 42. Rf3 Rf8 43. Kg2 e5 44. Rc3 Kf6 45. Rc6+ Kf5 46. Rcc7 f6
47. Re7 d4 48. Kf3 Rfc8 49. Rec7 Rxc7 50. Rxc7 e4+ 51. Ke2 g5 52. hxg5 fxg5 53.
Rd7 Kg4 54. Rxd4 Rxa7 55. Rxe4+ Kxg3 56. Re5 Kh4 57. Kf2 Ra2+ 58. Kg1 g4 59.
Re1 Kg3 60. Re3+ Kf4 61. Re1 h4 62. Rf1+ Kg3 63. Rc1 Kh3 64. Kh1 Re2 65. Rc3+
g3 66. Rc1 Kg4 67. Rc4+ Kf3 68. Rc3+ Kf2 69. Rxg3 Re1+ 70. Kh2 hxg3+ 71. Kh3
Rh1+ 72. Kg4 g2 73. Kf5 g1=Q 0-1

[Event "Torneo Nuevo Centro. Jornada 7"]
[Site "Chess.com"]
[Date "2020.07.31"]
[Round "3"]
[White "Portillo Torrente, Manuel"]
[Black "Gutierrez Marco, Dario"]
[Result "0-1"]
[WhiteElo "1384"]
[BlackElo "1836"]
[PlyCount "112"]
[EventDate "2020.??.??"]

1. d4 Nf6 2. Bf4 g6 3. Nf3 Bg7 4. e3 O-O 5. Be2 d6 6. Nbd2 b6 7. c3 Bb7 8. O-O
Nbd7 9. Qc2 Nh5 10. Bg5 h6 11. Bh4 f5 12. e4 g5 13. Nxg5 hxg5 14. Bxh5 gxh4 15.
exf5 Nf6 16. Bg6 Qd7 17. Nf3 h3 18. Ng5 Bxg2 19. Rfe1 Qc6 20. Re3 Bh6 21. Rg3
Bxg5 22. Rxg5 Kh8 23. Qd2 Qf3 24. Rg3 Qxg3 25. fxg3 Kg7 26. Qg5 Rh8 27. Re1 Nd5
28. Rxe7+ Nxe7 29. Qxe7+ Kh6 30. Qe3+ Kg7 31. Qe7+ Kh6 32. Bf7 Rh7 33. Qh4+ Kg7
34. f6+ Kxf7 35. Qxh7+ Ke6 36. Qd3 Re8 37. Qe3+ Kf7 38. Qg5 Re1+ 39. Kf2 Rf1+
40. Ke3 Rxf6 41. Qg4 Re6+ 42. Kd3 c5 43. dxc5 dxc5 44. Kc4 Re4+ 45. Qxe4 Bxe4
46. Kb3 Ke6 47. c4 Ke5 48. Kc3 Bf3 49. Kd3 Bg4 50. Ke3 Bh5 51. a3 a5 52. Kd2
Ke4 53. b3 Kf3 54. Kd3 Kg2 55. Ke3 Kxh2 56. Kf2 Bg4 0-1

[Event "Torneo Nuevo Centro. Jornada 7"]
[Site "Chess.com"]
[Date "2020.07.31"]
[Round "3"]
[White "Bendayán Claros, Aaron"]
[Black "Kovacevic, Slobodan"]
[Result "1-0"]
[WhiteElo "2015"]
[BlackElo "2192"]
[PlyCount "105"]
[EventDate "2020.??.??"]

1. d4 Nf6 2. Bg5 e6 3. e4 h6 4. Bxf6 Qxf6 5. c3 c5 6. e5 Qd8 7. Bd3 cxd4 8.
cxd4 Nc6 9. Nf3 Qb6 10. O-O Nxd4 11. Nxd4 Qxd4 12. Qe2 a6 13. Nc3 Be7 14. Rad1
Qb6 15. b3 O-O 16. Qe4 g6 17. Qf4 Kg7 18. Ne4 Qd8 19. g3 b5 20. h4 Bb7 21. h5
g5 22. Qg4 Kh8 23. f4 Bxe4 24. Bxe4 Rc8 25. f5 Rc3 26. Bd3 Qc7 27. f6 Bc5+ 28.
Kh1 Qxe5 29. b4 Bd6 30. Rf3 Qd5 31. Kh2 Qxa2+ 32. Kh3 Qd5 33. Be2 Qe5 34. Rxc3
Qxc3 35. Rxd6 Qxf6 36. Rxd7 Kg7 37. Ra7 Qe5 38. Rxa6 Rd8 39. Ra7 Rd4 40. Qf3
g4+ 41. Qxg4+ Rxg4 42. Bxg4 Qe1 43. Bf3 Qf1+ 44. Bg2 Qf5+ 45. Kh2 Qxh5+ 46. Bh3
Qe2+ 47. Bg2 Kg6 48. Rb7 h5 49. Kh1 f5 50. Rb6 Kf6 51. Rc6 Qf2 52. Kh2 h4 53.
gxh4 1-0

[Event "Torneo Nuevo Centro. Jornada 7"]
[Site "Chess.com"]
[Date "2020.07.31"]
[Round "3"]
[White "Sendra Tormo, Juan"]
[Black "Luque Saiz, Andrés"]
[Result "1-0"]
[WhiteElo "2286"]
[BlackElo "2013"]
[PlyCount "111"]
[EventDate "2020.??.??"]

1. d4 d5 2. Nf3 Nf6 3. e3 Bg4 4. Bd3 e6 5. Nbd2 c6 6. c3 Nbd7 7. h3 Bh5 8. Qc2
Bd6 9. e4 dxe4 10. Nxe4 Nxe4 11. Bxe4 Nf6 12. Bg5 h6 13. Bh4 g5 14. Bg3 Bxg3
15. fxg3 Nxe4 16. Qxe4 Bxf3 17. gxf3 Qd5 18. h4 Kd7 19. Qe2 g4 20. O-O gxf3 21.
Rxf3 f5 22. Kh2 Rag8 23. c4 Qd6 24. Re1 Rg4 25. Kh3 Rxd4 26. b4 Re4 27. Qf2
Rxe1 28. Qxe1 Kc7 29. Qe2 Rg8 30. Rd3 Qe7 31. Qe5+ Kc8 32. Rd6 Re8 33. b5 cxb5
34. cxb5 Qf7 35. Rd4 Qc7 36. Rd6 Qf7 37. Rd3 Re7 38. Qc5+ Rc7 39. Qxa7 Rd7 40.
Rc3+ Kd8 41. b6 f4 42. Qb8+ Ke7 43. Qxf4 Qxf4 44. gxf4 Kd6 45. Kg4 Rf7 46. a4
e5 47. fxe5+ Kxe5 48. Rc7 Rf4+ 49. Kh5 Rxa4 50. Rxb7 Rb4 51. Rb8 Kf5 52. b7 Kf6
53. Rf8+ Kg7 54. b8=Q Re4 55. Rg8+ Kh7 56. Rh8+ 1-0

[Event "Torneo Nuevo Centro. Jornada 7"]
[Site "Chess.com"]
[Date "2020.07.31"]
[Round "3"]
[White "Aguado, Pablo Luis"]
[Black "Roca Cruz, Rafael"]
[Result "1/2-1/2"]
[WhiteElo "1894"]
[BlackElo "1803"]
[PlyCount "118"]
[EventDate "2020.??.??"]

1. d4 b5 2. Nf3 Bb7 3. g3 e6 4. Bg2 Be7 5. O-O Nf6 6. Nbd2 O-O 7. b3 d6 8. Bb2
Nbd7 9. c4 bxc4 10. bxc4 c5 11. e3 Rb8 12. Rb1 Qa5 13. Nb3 Qxa2 14. Nfd2 Bxg2
15. Kxg2 Qa6 16. Ra1 Qb7+ 17. Kg1 cxd4 18. Bxd4 Nc5 19. Na5 Qc7 20. Qc2 e5 21.
Bc3 Rb6 22. Nab3 Nxb3 23. Nxb3 Qxc4 24. Rfb1 Rc8 25. Rxa7 Qxc3 26. Qa2 Bf8 27.
Rc1 Qxc1+ 28. Nxc1 Rxc1+ 29. Kg2 d5 30. Ra8 Rbc6 31. Qb2 R1c3 32. Rd8 Ne4 33.
Qb8 h6 34. Rxf8+ Kh7 35. Qxe5 Rf6 36. f3 Rc2+ 37. Kh3 Ng5+ 38. Kg4 Rxf3 39.
Qxg5 hxg5 40. Kxf3 Rxh2 41. Rxf7 Kg6 42. Rd7 Rd2 43. Rd6+ Kf7 44. Rd7+ Kf6 45.
Rd6+ Kf7 46. Rd7+ Kg6 47. Rd6+ Kf5 48. g4+ Ke5 49. Rg6 d4 50. Rxg5+ Kf6 51.
Rf5+ Ke6 52. exd4 Rxd4 53. Rf8 Ra4 54. Rb8 Kf6 55. Rb6+ Kg5 56. Rb5+ Kf6 57.
Rb6+ Kg5 58. Rb5+ Kg6 59. Rb6+ Kg5 1/2-1/2

[Event "Torneo Nuevo Centro. Jornada 7"]
[Site "Chess.com"]
[Date "2020.07.31"]
[Round "3"]
[White "Salvador Buiza, Victor"]
[Black "Marques Montolio, Luis"]
[Result "1/2-1/2"]
[WhiteElo "1877"]
[BlackElo "1420"]
[PlyCount "151"]
[EventDate "2020.??.??"]

1. e4 d5 2. exd5 Qxd5 3. Nc3 Qa5 4. d4 c6 5. Bd2 Bf5 6. Nf3 Qc7 7. g3 e6 8. Bg2
Nf6 9. O-O Bd6 10. Re1 O-O 11. Ne5 Nd5 12. f4 Nd7 13. Ne4 Be7 14. h4 Nxe5 15.
fxe5 h6 16. Rf1 c5 17. dxc5 Bxc5+ 18. Kh2 Ne3 19. Bxe3 Bxe3 20. Nd6 Bb6 21.
Nxf5 exf5 22. Rxf5 Rfd8 23. Qg4 Qxc2 24. Raf1 Rd2 25. Qf3 Rf8 26. e6 f6 27. Kh3
Qc7 28. Qb3 Kh8 29. Re1 Qe7 30. Qf3 Rd6 31. Qe4 Re8 32. Qg4 Rxe6 33. Rd1 Re5
34. Qg6 Rxf5 35. Qxf5 Qe2 36. Qd7 Kh7 37. Qd3+ Qxd3 38. Rxd3 Re7 39. a4 g6 40.
b4 a5 41. bxa5 Bxa5 42. Rd6 Bc3 43. Bd5 Be5 44. Rb6 f5 45. Rxb7 Rxb7 46. Bxb7
f4 47. a5 fxg3 48. a6 Bd4 49. Kxg3 g5 50. h5 Kg7 51. Kg4 Kf6 52. Be4 Ba7 53.
Kf3 Ke5 54. Ba8 Kd6 55. Kg4 Ke5 56. Bb7 Bb6 57. Kf3 Ba7 58. Ba8 Bb6 59. Kg4 Ba7
60. Bc6 Bb6 61. Be8 Ba7 62. Bg6 Bb6 63. Kf3 Ba7 64. Ke2 Bb6 65. Kf3 Ba7 66. Kg4
Bb6 67. Bh7 Ba7 68. Bg8 Bb6 69. Ba2 Ba7 70. Bb1 Bb6 71. Kf3 Ba7 72. Kg4 Bb6 73.
Bh7 Ba7 74. Bg8 Bb6 75. Bf7 Ba7 76. Bg6 1/2-1/2

[Event "Torneo Nuevo Centro. Jornada 7"]
[Site "Chess.com"]
[Date "2020.07.31"]
[Round "3"]
[White "Rodriguez, Mathias"]
[Black "Orts Tomás, Marc"]
[Result "0-1"]
[WhiteElo "1996"]
[BlackElo "1770"]
[PlyCount "150"]
[EventDate "2020.??.??"]

1. e4 c5 2. Nf3 Nc6 3. Bb5 g6 4. Bxc6 dxc6 5. h3 Bg7 6. O-O e5 7. Nc3 Ne7 8. d3
O-O 9. Nh2 f5 10. f4 exf4 11. Bxf4 Be6 12. Rb1 Qd4+ 13. Kh1 Rae8 14. Nf3 Qd7
15. Be5 fxe4 16. Bxg7 Kxg7 17. Nxe4 b6 18. Nfg5 Bd5 19. c4 Bxe4 20. Nxe4 Nf5
21. Rf3 Nd4 22. Rxf8 Rxf8 23. Qg4 Qxg4 24. hxg4 Rf4 25. g5 Rf5 26. Nd6 Rxg5 27.
Nc8 Rg3 28. Nxa7 Rxd3 29. Nxc6 Nxc6 30. b3 Rd2 31. Re1 Rxa2 32. Re6 Nd4 33.
Rxb6 Rb2 34. Rb7+ Kh6 35. Rc7 Nxb3 36. Kh2 Rc2 37. Rb7 Nd4 38. Kh3 Rxc4 39. g4
Ne6 40. Kh4 g5+ 41. Kg3 Rc3+ 42. Kg2 Nf4+ 43. Kf2 c4 44. Rb6+ Ng6 45. Rc6 Rc1
46. Kf3 Kg7 47. Rc7+ Kh6 48. Ke4 c3 49. Kd3 Nf4+ 50. Ke4 Kg6 51. Rc6+ Kg7 52.
Kf5 h6 53. Rc7+ Kg8 54. Rc8+ Kg7 55. Rc7+ Kf8 56. Rh7 c2 57. Kf6 Ke8 58. Rxh6
Rd1 59. Kxg5 c1=Q 60. Rh8+ Kd7 61. Rh7+ Kc6 62. Rh6+ Rd6 63. Rxd6+ Kxd6 64. Kf5
Ne6 65. g5 Qxg5+ 66. Ke4 Qe5+ 67. Kd3 Qf4 68. Kc3 Qd4+ 69. Kb3 Qc5 70. Kb2 Qc4
71. Ka3 Qb5 72. Ka2 Kd5 73. Ka1 Kc4 74. Ka2 Kc3 75. Ka1 Qb2# 0-1

[Event "Torneo Nuevo Centro. Jornada 7"]
[Site "Chess.com"]
[Date "2020.07.31"]
[Round "3"]
[White "Granero Roca, Antonio"]
[Black "Escalona Moncholi, Felix"]
[Result "0-1"]
[WhiteElo "2461"]
[BlackElo "2059"]
[PlyCount "190"]
[EventDate "2020.??.??"]

1. Nf3 d5 2. g3 g6 3. Bg2 Bg7 4. O-O e5 5. d3 Ne7 6. c4 c6 7. Nc3 O-O 8. Qc2 h6
9. e4 d4 10. Ne2 c5 11. b4 cxb4 12. a3 Nbc6 13. axb4 Nxb4 14. Qb3 Nbc6 15. Ba3
b6 16. Rfb1 Be6 17. Qb5 Qd7 18. Bxe7 Nxe7 19. Qa6 Nc6 20. Rb5 Rfb8 21. h4 Qd6
22. Rc1 Bf8 23. c5 bxc5 24. Rbxc5 Nb4 25. Qa3 Na6 26. Nexd4 Nxc5 27. Nxe6 Nxe6
28. Qa1 Nd4 29. Nxd4 Qxd4 30. Qa6 Rb2 31. Rf1 Bc5 32. Qc6 Rf8 33. h5 Rxf2 34.
Rxf2 Qxf2+ 35. Kh2 Kg7 36. Qc7 g5 37. Qxe5+ f6 38. Qd5 Rf7 39. Kh3 f5 40. Qe5+
Kf8 41. Qh8+ Ke7 42. Qe5+ Kf8 43. Qh8+ Ke7 44. Qe5+ Kd7 45. Qd5+ Ke8 46. Qe6+
Kf8 47. Qxh6+ Ke7 48. Qxg5+ Ke6 49. Qg6+ Rf6 50. Qe8+ Be7 51. Qc8+ Kf7 52. e5
Re6 53. Qc4 f4 54. Qxf4+ Qxf4 55. gxf4 Ra6 56. Kg4 Ra4 57. Be4 Kg7 58. f5 a5
59. Kf4 Ra1 60. d4 Rf1+ 61. Ke3 a4 62. d5 a3 63. d6 Bd8 64. Bd5 Re1+ 65. Kf4
Rd1 66. Be6 Rh1 67. Kg4 Rg1+ 68. Kf4 Rf1+ 69. Ke4 Re1+ 70. Kd4 Rd1+ 71. Kc5 Rd2
72. Kc6 a2 73. Bxa2 Rxa2 74. Kd7 Bg5 75. e6 Ra7+ 76. Kc6 Bd8 77. Kd5 Kf6 78. h6
Kg5 79. e7 Bxe7 80. h7 Ra8 81. dxe7 Kf6 82. Kd6 Kf7 83. Kd7 Rh8 84. f6 Ra8 85.
Kd6 Ra6+ 86. Kd7 Ra7+ 87. Kd8 Ra8+ 88. Kd7 Rb8 89. Kc7 Rh8 90. Kd7 Ra8 91. Kc7
Kxf6 92. Kd7 Kf7 93. Kd6 Re8 94. Ke5 Kxe7 95. Kf5 Kf7 0-1

[Event "Torneo Nuevo Centro. Jornada 7"]
[Site "Chess.com"]
[Date "2020.07.31"]
[Round "4"]
[White "Fitzpatrick Dimas, Andrew"]
[Black "Soler Nadal, Jose Antonio"]
[Result "0-1"]
[WhiteElo "1152"]
[BlackElo "1557"]
[PlyCount "36"]
[EventDate "2020.??.??"]

1. e4 c6 2. Nf3 d5 3. exd5 Qxd5 4. Nc3 Qd8 5. Bc4 Bf5 6. Ng5 e6 7. Qh5 Bg6 8.
Qf3 Qxg5 9. d4 Qf6 10. Qxf6 Nxf6 11. O-O Be7 12. Bg5 Bxc2 13. Bxf6 Bxf6 14.
Rac1 Bg6 15. Rcd1 O-O 16. Na4 b5 17. Nc5 bxc4 18. Na4 Nd7 0-1

[Event "Torneo Nuevo Centro. Jornada 7"]
[Site "Chess.com"]
[Date "2020.07.31"]
[Round "4"]
[White "Romera Navia, Alberto"]
[Black "Granero Roca, Antonio"]
[Result "0-1"]
[WhiteElo "1867"]
[BlackElo "2462"]
[PlyCount "47"]
[EventDate "2020.??.??"]

1. e4 d6 2. d4 g6 3. h4 h5 4. Nf3 Bg7 5. Bd3 Nf6 6. Be3 O-O 7. Nbd2 Ng4 8. Bf4
c5 9. c3 cxd4 10. Nxd4 Nc6 11. N4f3 Qb6 12. O-O Qxb2 13. Qe2 Be6 14. Rfb1 Qxc3
15. Rc1 Qa5 16. Nf1 Nce5 17. Bd2 Qa3 18. Rc3 Nxf3+ 19. gxf3 Bxc3 20. Bxc3 Qxc3
21. fxg4 Qxa1 22. gxh5 Kg7 23. h6+ Kxh6 24. Qg4 0-1

[Event "Torneo Nuevo Centro. Jornada 7"]
[Site "Chess.com"]
[Date "2020.07.31"]
[Round "4"]
[White "Maestre Soler, Sergio"]
[Black "Hernández Tomás, Efrén"]
[Result "0-1"]
[WhiteElo "924"]
[BlackElo "1066"]
[PlyCount "22"]
[EventDate "2020.??.??"]

1. e4 e5 2. b3 Nf6 3. Bc4 Nc6 4. Nc3 Be7 5. Nf3 O-O 6. d3 d6 7. Bg5 Bg4 8. h3
Bh5 9. O-O h6 10. Bxf6 Bxf6 11. Qd2 Bxf3 0-1

[Event "Torneo Nuevo Centro. Jornada 7"]
[Site "Chess.com"]
[Date "2020.07.31"]
[Round "4"]
[White "Beneyto de Ramon, Guillermo"]
[Black "Méndez Giménez, Néstor Emmanuel"]
[Result "1-0"]
[WhiteElo "1611"]
[BlackElo "1183"]
[PlyCount "37"]
[EventDate "2020.??.??"]

1. c4 e6 2. Nc3 d5 3. cxd5 exd5 4. d4 Nf6 5. g3 Bb4 6. Bg2 b6 7. Qa4+ Bd7 8.
Qxb4 a5 9. Qa3 a4 10. Bg5 Nc6 11. Nxd5 b5 12. Bxf6 gxf6 13. Qe3+ Be6 14. Nxf6+
Qxf6 15. Bxc6+ Ke7 16. Bxa8 Rxa8 17. Nf3 Kd7 18. Ne5+ Ke7 19. h4 1-0

[Event "Torneo Nuevo Centro. Jornada 7"]
[Site "Chess.com"]
[Date "2020.07.31"]
[Round "4"]
[White "Bascuñana Sánchez, Pablo"]
[Black "Ríos Valle, Daniel"]
[Result "1-0"]
[WhiteElo "1649"]
[BlackElo "1201"]
[PlyCount "28"]
[EventDate "2020.??.??"]

1. e4 c5 2. Nf3 Nc6 3. d4 cxd4 4. Nxd4 Nf6 5. Nc3 d6 6. f3 Bd7 7. Be3 e6 8. Qd2
Be7 9. O-O-O Qc7 10. g4 O-O-O 11. Ndb5 Qa5 12. Nxd6+ Kc7 13. Nxf7 Be8 14. Nxd8
Bxd8 1-0

[Event "Torneo Nuevo Centro. Jornada 7"]
[Site "Chess.com"]
[Date "2020.07.31"]
[Round "4"]
[White "Vaquer Querol, Daniel"]
[Black "Castellano López, Javier"]
[Result "0-1"]
[WhiteElo "1570"]
[BlackElo "1891"]
[PlyCount "64"]
[EventDate "2020.??.??"]

1. e4 c6 2. d4 d5 3. Nc3 dxe4 4. Nxe4 Bf5 5. Ng3 Bg6 6. Nf3 Nd7 7. h4 h6 8. h5
Bh7 9. Bd3 Bxd3 10. Qxd3 Qc7 11. Bf4 Qxf4 12. Ne2 Qc7 13. O-O-O e6 14. g3 Ngf6
15. Rhe1 Bd6 16. Nd2 Nxh5 17. Nc3 O-O-O 18. Qc4 Nb6 19. Qb3 Nf6 20. f4 Nfd5 21.
Nce4 Be7 22. Nf3 Rhg8 23. Ne5 Bf6 24. Ng4 h5 25. Ngf2 Rh8 26. c4 Ne7 27. g4
Bxd4 28. g5 Bxf2 29. Nxf2 Rxd1+ 30. Rxd1 h4 31. Ng4 Qxf4+ 32. Ne3 Nf5 0-1

[Event "Torneo Nuevo Centro. Jornada 7"]
[Site "Chess.com"]
[Date "2020.07.31"]
[Round "4"]
[White "Valverde Alcaide, Miguel Alejandro"]
[Black "Ortega Paredes, Manolo"]
[Result "1-0"]
[WhiteElo "877"]
[BlackElo "847"]
[PlyCount "25"]
[EventDate "2020.??.??"]

1. e4 e5 2. d4 exd4 3. Qxd4 Nc6 4. Qd5 Nf6 5. Qf5 Nd4 6. Qh3 Nxe4 7. Qe3 f5 8.
Qxd4 Bc5 9. Qe5+ Qe7 10. Qxf5 Ng3+ 11. Ne2 Qxe2+ 12. Bxe2 Nxh1 13. Bg5 1-0

[Event "Torneo Nuevo Centro. Jornada 7"]
[Site "Chess.com"]
[Date "2020.07.31"]
[Round "4"]
[White "Lopez Mateo, Juan Carlos"]
[Black "Salvador Buiza, Victor"]
[Result "1-0"]
[WhiteElo "2331"]
[BlackElo "1876"]
[PlyCount "21"]
[EventDate "2020.??.??"]

1. e4 e5 2. Nf3 Nc6 3. Bb5 Bc5 4. O-O Nge7 5. c3 d6 6. h3 a6 7. Ba4 O-O 8. d4
exd4 9. cxd4 Bb6 10. Nc3 Bc5 11. dxc5 1-0

[Event "Torneo Nuevo Centro. Jornada 7"]
[Site "Chess.com"]
[Date "2020.07.31"]
[Round "4"]
[White "Donate Moreno, Silvia"]
[Black "Martínez Escandell, Alfonso"]
[Result "1-0"]
[WhiteElo "1978"]
[BlackElo "1783"]
[PlyCount "73"]
[EventDate "2020.??.??"]

1. e4 c5 2. Nf3 e6 3. d4 cxd4 4. Nxd4 Bc5 5. Nb3 Be7 6. Nc3 Nc6 7. Be3 Nf6 8.
f3 d5 9. exd5 Nxd5 10. Nxd5 Qxd5 11. Qxd5 exd5 12. O-O-O Be6 13. Kb1 O-O 14.
Bd3 a5 15. f4 g6 16. h3 h5 17. Nd4 Bf6 18. Nxe6 fxe6 19. Bxg6 Rfe8 20. Bxe8
Rxe8 21. g4 hxg4 22. hxg4 d4 23. Bc1 e5 24. g5 Bg7 25. f5 e4 26. f6 Bf8 27. g6
Re6 28. Rdf1 e3 29. g7 Bc5 30. Rhg1 Nd8 31. Rg5 e2 32. Re1 b6 33. Bd2 Bd6 34.
Rh1 Rxf6 35. Rh8+ Kf7 36. g8=Q+ Ke7 37. Qxd8+ 1-0